| 000 | 00704cam a2200205 4500 | ||
|---|---|---|---|
| 001 | ABS62887 | ||
| 008 | 000000n2000 000 0 eng u | ||
| 035 | _a(Sirsi) u108671 | ||
| 100 | _aScates, S. | ||
| 245 | 4 | _aThe paperless deal | |
| 260 | _c2000 | ||
| 490 |
_aProperty Week _v65(34) 15 September 2000, 68-69(2) |
||
| 520 | _aTechnology has enabled the speeding up of property deals. This article looks at the world of the virtual deal. Gives a breakdown of the processes involved in an electronic deal. | ||
| 590 | _aABS | ||
| 650 | _aPROPERTY TRANSACTIONS | ||
| 650 | _aE-COMMERCE | ||
| 650 | _aTECHNOLOGY | ||
| 690 | _aMANAGEMENT-BUSINESS MANAGEMENT-INFORMATION MANAGEMENT | ||
| 942 | _n0 | ||
| 999 |
_c64879 _d64879 |
||